000 00463nam a2200181Ia 4500
001 4623
005 20260306145809.0
008 260306t1990||||xx |||||||||||||| ||spa||
041 _aESP
082 _a327.85
_bR38
100 _aBahamonde Bachet, Ramón (Ed.)
_eAUT
245 0 _aRelaciones del Perú con Brasil, Colombia y Ecuador
260 _c1990
300 _axxxi, 235 páginas :
_c21 cm.
650 _aGEN
654 _aCHU
942 _cLIB
_dJUS
_fJUS
_2ddc
_n
999 _c4623
_d4623